000 00601nam a2200181Ia 4500
008 100921s9999 xx 000 0 und d
082 _b43336
_a891.463 न 09
100 _aनाईक गुरूनाथ.
245 _aप्रलय.
260 _bमंगल दीप प्रकाशन, पुणे.
_c2009
300 _a304
_bकलाभारती वितरण,पुणे
365 _b300
520 _aललित-कादंबरी.
630 _aप्रलय.
650 _aललित-कादंबरी.
730 _aप्रलय.
942 _cBOOK
999 _c792449
_d792446